Code Geass: Who Killed Who? - Statistics

General Stats
  • This quiz has been taken 373 times
  • The average score is 9 of 12
Answer Stats
Hint Answer % Correct
Euphemia li Britannia Lelouch vi Britannia
93%
Clovis la Britannia Lelouch vi Britannia
92%
Lelouch vi Britannia (Faked) Suzaku Kururugi
89%
Charles zi Britannia Lelouch vi Britannia/God
87%
Shirley Fennette Rolo Lamperouge
81%
Genbu Kururugi Suzaku Kururugi
81%
Mao C.C.
75%
Marianne vi Britannia (Technically Survived) V.V.
75%
V.V. Charles zi Britannia
69%
Rolo Lamperouge Himself
63%
Suzaku Kururugi (Faked) Kallen Kozuki
57%
Diethard Ried Schneizel el Britannia
45%
No matching quizzes found
Score Distribution
Percent of People with Each Score
Percentile by Number Answered
Your Score History
You have not taken this quiz